Plants that start with B - Statistics

General Stats
  • This quiz has been taken 96 times
  • The average score is 10 of 20
Answer Stats
Hint Plant % Correct
Often eaten by pandas Bamboo
98%
Long yellow fruit Banana
98%
Also known as legumes Bean
81%
Unpopular vegetable amongst children Broccoli
81%
Popular culinary herb Basil
80%
Skinny, usually white tree Birch
73%
Named after a city in Belgium Brussels sprouts
73%
Main ingredient in borscht Beetroot
64%
Common non-spicy pepper Bell pepper
63%
Fruits of the above Blackberry
60%
Blueberry
56%
Large tree related to Oak Beech
53%
Popular vegetable in chinese cuisine Bok Choy
39%
Flower known for its shiny yellow petals Buttercup
31%
Woody plant with thorns Bramble
29%
A popular and colorful addition to a garden Begonia
28%
Sweet orange gourd from North America Butternut squash
20%
Blue or pink star-shaped flower Borage
4%
The state flower of Maryland Black-eyed susan
3%
Parasite that has lost its green color Broomrape
1%
No matching quizzes found
Score Distribution
Percent of People with Each Score
Percentile by Number Answered
Your Score History
You have not taken this quiz